Miasta europejskie o największych gospodarkach - Statystyki

Ogólne statystyki
  • Ten quiz został rozwiązany 4 090 razy
  • Średni wynik to 16 z 21
Statystyki odpowiedzi
PKB Miasto % Poprawnych
141 mld $ Warszawa
99%
836 mld $ Londyn
98%
715 mld $ Paryż
98%
262 mld $ Madryt
97%
158 mld $ Berlin
96%
163 mld $ Rzym
94%
553 mld $ Moskwa
93%
171 mld $ Barcelona
88%
321 mld $ Amsterdam / Rotterdam
82%
184 mld $ Wiedeń / Bratysława
82%
220 mld $ Monachium
80%
312 mld $ Mediolan
78%
143 mld $ Sztokholm
77%
130 mld $ Ateny
76%
254 mld $ Bruksela
76%
127 mld $ Kopenhaga / Malmö
72%
161 mld $ Hamburg
70%
219 mld $ Stambuł
61%
230 mld $ Frankfurt
55%
121 mld $ Birmingham
37%
158 mld $ Stuttgart
22%
Nie znaleziono quizów pasujących do podanych kryteriów
Rozkład punktacji
Procent ludzi z każdym wynikiem
Percentyl według liczby udzielonych odpowiedzi
Twoja historia wyników
Nie rozwiązałeś tego quizu